|
|
|
|
| LEADER |
01221nam a2200349Ia 4500 |
| 001 |
EBC271153 |
| 003 |
MiAaPQ |
| 005 |
20200520144314.0 |
| 006 |
m o d | |
| 007 |
cr cn||||||||| |
| 008 |
980504s1998 nyua sb 001 0 eng d |
| 010 |
|
|
|z 98023216
|
| 020 |
|
|
|z 0195094794 (alk. paper)
|
| 035 |
|
|
|a (MiAaPQ)EBC271153
|
| 035 |
|
|
|a (Au-PeEL)EBL271153
|
| 035 |
|
|
|a (CaPaEBR)ebr10142362
|
| 035 |
|
|
|a (CaONFJC)MIL52789
|
| 035 |
|
|
|a (OCoLC)936850100
|
| 040 |
|
|
|a MiAaPQ
|c MiAaPQ
|d MiAaPQ
|
| 050 |
|
4 |
|a TL220
|b .S54 1998
|
| 082 |
0 |
4 |
|a 629.22/93
|2 21
|
| 100 |
1 |
|
|a Sherman, Joe,
|d 1945-
|
| 245 |
1 |
0 |
|a Charging ahead
|h [electronic resource] /
|c Joe Sherman.
|
| 260 |
|
|
|a New York :
|b Oxford University Press,
|c 1998.
|
| 300 |
|
|
|a xiv, 224 p. :
|b ill.
|
| 504 |
|
|
|a Includes bibliographical references and index.
|
| 533 |
|
|
|a Electronic reproduction. Ann Arbor, MI : ProQuest, 2015. Available via World Wide Web. Access may be limited to ProQuest affiliated libraries.
|
| 650 |
|
0 |
|a Electric automobiles.
|
| 650 |
|
0 |
|a Electric vehicles.
|
| 655 |
|
4 |
|a Electronic books.
|
| 710 |
2 |
|
|a ProQuest (Firm)
|
| 856 |
4 |
0 |
|u https://ebookcentral.proquest.com/lib/matrademy/detail.action?docID=271153
|z Click to View
|